000 00336nam a22001457a 4500
008 210305b ||||| |||| 00| 0 eng d
020 _a9781934319987
041 _aeng
080 _25th
_a330.722.6
082 _a330.722.6
100 _a62
101 _aKF
245 _aFinancial Accounting for MBAs
_cEaston, P.D
942 _2udc
_cBK
999 _c55790
_d55790